| 000 | 01203cam a2200277 a 4500 | ||
|---|---|---|---|
| 001 | 16112801 | ||
| 005 | 20110713082340.0 | ||
| 008 | 100301s2011 njua b 001 0 eng | ||
| 020 | _a9780691090009 (hardcover : alk. paper) | ||
| 020 | _a0691090009 (hardcover : alk. paper) | ||
| 020 | _a9780691090016 (pbk. : alk. paper) | ||
| 020 | _a0691090017 (pbk. : alk. paper) | ||
| 040 |
_aDLC _cDLC _dYDX _dYDXCP _dUKM _dCDX _dCHRRO _dDLC |
||
| 082 | 0 | 0 |
_a321.8 _222 _bREA |
| 245 | 0 | 4 |
_aThe Real World of Democratic Theory / _cIan Shapiro ... [et al.]. |
| 260 |
_aPrinceton : _bPrinceton University Press, _cc2011. |
||
| 300 |
_ax, 291 p. : _bill. ; _c24 cm. |
||
| 500 | _a"Sequel and complement to an earlier volume, Democracy's Place, which was first published in 1996." | ||
| 504 | _aIncludes bibliographical references and index. | ||
| 650 | 0 |
_aDemocracy. _928842 |
|
| 653 |
_bPol _cFebruary2012 |
||
| 700 | 1 |
_aShapiro, Ian. _928843 |
|
| 942 |
_2ddc _cBB |
||
| 999 |
_c16449 _d16449 |
||